000 00701nam a2200241Ia 4500
001 dia_7044
003 CHAP
008 220117s2012 xx 000 0 und d
010 _a178297
040 _cCHAP
090 _aF 379 2012
100 _aPimentel Bribiesca, Luis
_988089
245 _aRespuesta de los pinos piñoneros mexicanos en Chapingo /
_c Luis Pimentel Bribiesca y Sandra Luz Castro Garibay
260 _aMéxico :
_b UACh. Campo Agrícola Experimental,
_c2012
300 _a22 p.
504 _aBibliografía: p. 22
901 _aF 379 2012
902 _aM
905 _a0000002012 MX 0000000000SPA00
942 _c12
942 _c12
999 _c178297
_d178297